| 000 | 00589nam a2200193Ia 4500 | ||
|---|---|---|---|
| 003 | LDD | ||
| 008 | 190117s9999 xx 000 0 und d | ||
| 020 |
_a9789380927268 _c₹160 |
||
| 040 | _cLDD | ||
| 041 | _ahi | ||
| 082 | _a8H4.7 आ6474आ | ||
| 100 | _aआरसु | ||
| 245 | 0 |
_aआस्था का रास्ता _cआरसु |
|
| 260 |
_aदिल्ली _bसुहानी बुक्स _c2012 |
||
| 300 | _a109पृ. | ||
| 901 | _aKGP | ||
| 904 | _aReqst by : Jitendra Shriwastava | ||
| 942 |
_2ddc _cH |
||
| 999 |
_c154905 _d154905 |
||